15 Most Famous Cities in Latvia on a Map - Statistics

General Stats
  • This quiz has been taken 124 times
  • The average score is 9 of 16
Answers on the Map
Answers color-coded by a green-red scale on the quiz's map according to % correct below.
 
Answer Stats
Wiki Monthly Views Cityquiz Mention Rate Population Answers % Correct
162.44K 47.54% 620.97K Riga
100%
28.00K 5.93% 81.07K Daugavpils
90%
24.19K 3.32% 68.20K Liepāja
80%
17.09K 2.74% 49.86K Jūrmala
71%
14.04K 1.90% 55.95K Jelgava
70%
11.37K 2.74% 33.44K Ventspils
68%
6.69K 0.96% 27.31K Rēzekne
57%
7.64K 0.78% 14.84K Cēsis
53%
4.82K 0.59% 21.69K Jēkabpils
53%
3.82K 0.35% 16.60K Tukums
49%
6.11K 1.10% 23.05K Valmiera
48%
3.50K 0.27% 17.95K Salaspils
41%
6.64K 0.59% 14.37K Sigulda
41%
5.47K 0.64% 10.12K Kuldīga
40%
4.34K 0.45% 6.79K Madona
40%
3.35K 0.33% 9.91K Bauska
34%
No matching quizzes found
Score Distribution
Percent of People with Each Score
Percentile by Number Answered
Your Score History
You have not taken this quiz